Govt. of
Madhya Pradesh

Data Sufficiency (Record no. 32873)

MARC details
000 -LEADER
fixed length control field 004230000a22001690004500
003 - CONTROL NUMBER IDENTIFIER
control field MACL
005 - DATE AND TIME OF LATEST TRANSACTION
control field 20160120123357.0
008 - FIXED-LENGTH DATA ELEMENTS--GENERAL INFORMATION
fixed length control field 160120b xxu||||| |||| 00| 0 eng d
040 ## - CATALOGING SOURCE
Original cataloging agency MACL
Transcribing agency MACL
041 ## - LANGUAGE CODE
Language code of text/sound track or separate title English
082 ## - DEWEY DECIMAL CLASSIFICATION NUMBER
Classification number 153.93/AGR
100 ## - MAIN ENTRY--PERSONAL NAME
Personal name Agrawal, Chandresh
9 (RLIN) 33546
245 ## - TITLE STATEMENT
Title Data Sufficiency
260 ## - PUBLICATION, DISTRIBUTION, ETC. (IMPRINT)
Name of publisher, distributor, etc. Bhawani Publications
Place of publication, distribution, etc. Indore
650 ## - SUBJECT ADDED ENTRY--TOPICAL TERM
Topical term or geographic name as entry element Psychology
9 (RLIN) 33558
942 ## - ADDED ENTRY ELEMENTS (KOHA)
Koha item type Books
Call number prefix 153.932/AGR
Source of classification or shelving scheme
Holdings
Withdrawn status Lost status Source of classification or shelving scheme Damaged status Not for loan Home library Current library Date acquired Cost, normal purchase price Total Checkouts Full call number Barcode Date last seen Uniform Resource Identifier Price effective from Koha item type
          MACL MACL 15/04/2015 75.00   153.932/AGR CLC000573 29/04/2015 32930 15/04/2015 Books